| 000 | 00720cam a2200265 i 4500 | ||
|---|---|---|---|
| 001 | 93960 | ||
| 005 | 20230410132546.0 | ||
| 008 | 770728t1978 fr 000 1 fre | ||
| 035 | _9(DLC) 77010799 | ||
| 035 | _a1775333 | ||
| 010 | _a 77010799 | ||
| 020 |
_a0395257050 : _c$7.95 |
||
| 040 |
_aDLC _cDLC _dDLC |
||
| 041 | 1 | _aengpor | |
| 050 | 1 | 4 |
_aPQ 9698.28 _bR484s 1978 |
| 082 | 0 | 0 | _a869 |
| 049 | _aGRAL | ||
| 100 | 1 |
_aRibeiro, João Ubaldo, _d1941- |
|
| 245 | 1 | 0 |
_aSergent Getúlio / _cJoão Ubaldo Ribeiro. |
| 260 |
_a[Francia] : _bGallimard, _c1978 |
||
| 300 |
_axii, 180 p. ; _c21 cm. |
||
| 440 | 0 | _aCollection L'imaginaire. V.489 | |
| 500 | _aTranslation of: Sargento Getúlio. | ||
| 942 |
_2lcc _cbk |
||
| 999 |
_c83715 _d83715 |
||